| 000 | 00799cam a2200313 4500 | ||
|---|---|---|---|
| 001 | 3196114 | ||
| 003 | OSt | ||
| 005 | 20140310184351.0 | ||
| 008 | 700617s1970 nyua j 000 1 eng | ||
| 010 | _a 77095786 | ||
| 020 | _a0590664875 | ||
| 020 | _a9780590664875 | ||
| 040 |
_aDLC _cDLC _dDLC |
||
| 042 | _alcac | ||
| 050 | 0 | 0 |
_aPZ 7 _b.C5792 1970 |
| 100 | 1 |
_aCleary, Beverly. _96061 |
|
| 245 | 1 | 0 |
_aRunaway Ralph / _cBeverly Cleary. |
| 260 |
_aNew York : _bMorrow, _c1970. |
||
| 300 |
_a175 p. : _bill. ; _c21 cm. |
||
| 350 | _a3.95 | ||
| 521 | _aG6 | ||
| 526 | _c890 | ||
| 650 | 1 |
_aMice _xFiction. _925084 |
|
| 700 | 1 |
_aDarling, Louis, _eillus. _925085 |
|
| 906 |
_a7 _bcbc _corignew _du _encip _f19 _gy-gencatlg |
||
| 942 |
_2lcc _cBK-SCHOLAS |
||
| 999 |
_c33934 _d33934 |
||